LEADER 01522nam a2200337 i 4500 001 000000113576 003 CaOOAMICUS 005 20180723135743.0 008 081020s2008 it u000 u ita r 020 $z978-88-263-1723-6* 032 $aLibriCat 040 $aPUL$bita$dLDB 245 00$aPasqua e Pentecoste nei Padri della Chiesa /$channo collaborato: Giuseppe Bonfrate, Salvatore A. Panimolle, Teresa Piscitelli Carpino. 260 $aRoma :$bBorla,$c2008. 300 $a194 p. ;$c20 cm. 490 1 $aDizionario di spiritualitą biblico-patristica ;$v0050 504 $aBibliografia in nota. 650 14$aPasqua.$0(OLS)http://pul/subject/2462 650 14$aPentecoste.$0(OLS)http://pul/subject/10265 650 14$aPadri della Chiesa.$0(OLS)http://pul/subject/533 700 1 $aPiscitelli Carpino, Teresa.$0(OLS)http://pul/name/62581 700 1 $aBonfrate, Giuseppe.$0(OLS)http://pul/name/66829 700 1 $aPanimolle, Salvatore Alberto.$0(OLS)http://pul/name/25284 830 0$aDizionario di spiritualitą biblico-patristica ;$v0050.$0(OLS)http://pul/title/65660 850 $aPUL 852 $aPUL$W1$xSL Cons. Gen., Altre Classi 1$y1$m2016 E 50$j129771$qStampati$B128827$CPULBib$Z2$F128827 $H108500 $82 941 1 $a8 996 $6020$z978-88-263-1723-6*$9(OLS)http://pul/number/138910 996 $6245$aPasqua e Pentecoste nei Padri della Chiesa$9(OLS)http://pul/title/142706 996 $6260$aRoma :$bBorla$9(OLS)http://pul/publisher/48061 LEADER 01122nam a2200277 u 4500 001 000000028372 003 CaOOAMICUS 005 20070226111808.0 008 960620s1977 it u000 u ita u 035 $a10734574 040 $aIPA$bita 100 1 $aMaggiolini, Sandro,$csac.$0(OLS)http://pul/name/32408 245 13$aIl matrimonio, la verginitą /$cSandro Maggiolini. 260 $aMilano :$bAres,$c1977. 300 $a313 p. ;$c20 cm 490 1 $aCollana Faretra ;$v4 504 $a"Nota bibliografia": pp. 307-313. 650 0$aVirginity$xReligious aspects$xChristianity.$2//eng$0(OLS)http://pul/subject/1845 650 0$aMarriage$xReligious aspects$xChristianity.$2//eng$0(OLS)http://pul/subject/16359 830 0$aCollana Faretra ;$v4.$0(OLS)http://pul/title/38738 850 $aPUL 852 $aPUL$W1$xSL Religione 1$y3$m39 D 7$j39398$nBK-PRI$b $qStampati$B39398$CPULBib$Z2$F39398 $H $81 941 1 $a8 961 $aINV: 45756 996 $6245$aIl matrimonio, la verginitą$9(OLS)http://pul/title/38737 996 $6260$aMilano :$bAres$9(OLS)http://pul/publisher/53739